00871nam a22002777a 450000500170000000800410001701000100005801100100006803500100007808200160008810000350010424500370013926000310017630000110020759000410021859000410025959000410030059000420034165000450038365000230042870000370045170000280048890100070051694900530052399900170057620220817043020.0971010s1987 r 00010 d a62816 a63788 a68157 a636.08bV3500aVan Vleck, Lloyd Dale.9117819 aGenetics for the animal sciences aNew York :bFreeman,c1987 a391 p. aBATCH-UPDb10c20130110lUCH01h0832 aBATCH-UPDb10c20130410lUCH01h0510 aBATCH-UPDb10c20130914lUCH01h1538 aCONVERSIONb10c20130109lUCH01h133414aAnimales domesticosxMejoramiento.9590914aGenética animal.0 aOltenacu, E. A. Branford.9832160 aPollak, E. John.990258 aBK a636.08 V35bZcLIBROd-267eLIBROh507i68157si c62816d62816